000 00601cam a22002171i 4500
001 he 68002291
003 DLC
005 20260227111501.0
008 861007s1968 is 000 0 yid
010 _ahe 68002291
035 _a(OCoLC)19307226
040 _aDLC
_cMH
_dCU
_dDLC
042 _apremarc
050 0 0 _aPJ5129.R5714
_bM5
100 1 _aRokhman, Leyb,
_d1918-1978.
245 1 0 _aMiṭ blinde ṭriṭ iber der erd.
260 _aTel-Aviv :
_bMenorah,
_c1968.
300 _a588 p. ;
_c23 cm.
650 0 _aWorld War, 1939-1945
_xPersonal narratives, Jewish.
752 _aIsrael
_dTel Aviv
999 _c33546
_d33546